[Event "South FR-ch U18"]
[Site "Loo"]
[Date "2011.11.08"]
[Round "7"]
[White "Chub, Alexey"]
[Black "Reva, Kirill"]
[Result "1-0"]
[WhiteElo "2075"]
[BlackElo "1908"]
[PlyCount "75"]
[EventDate "2011.11.02"]
[EventType "swiss"]
[EventRounds "9"]
[EventCountry "RUS"]
[SourceTitle "EXT 2023"]
[Source "ChessBase"]
[SourceDate "2022.10.05"]
[SourceVersion "1"]
[SourceVersionDate "2022.10.05"]
[SourceQuality "1"]

1. c4 g6 2. Nc3 b6 3. d4 Bg7 4. e4 Bb7 5. Nf3 d6 6. Be2 Nd7 7. 0-0 e6 8. Bg5 Ne7 9. Qd2 h6 10. Be3 g5 11. d5 e5 12. h4 Ng6 13. hxg5 hxg5 14. Bxg5 Bf6 15. g3 a6 16. Kg2 Qe7 17. Bh6 0-0-0 18. Nh2 Rdg8 19. Ng4 Bg7 20. Rh1 Bxh6 21. Nxh6 Nf4+ 22. Kf3 Rxh6 23. Rxh6 Qg5 24. Rah1 Nc5 25. R1h4 f5 26. Bf1 fxe4+ 27. Nxe4 Qf5 28. Rxf4 Nxe4 29. Rxf5 Nxd2+ 30. Ke3 Nxf1+ 31. Ke2 Nxg3+ 32. fxg3 Kb8 33. Rf7 b5 34. b3 bxc4 35. bxc4 Rg4 36. Rh8+ Ka7 37. Rxc7 Rxg3 38. Rhh7 1-0

[Event "Elista-ch"]
[Site "Elista"]
[Date "2011.06.30"]
[Round "3"]
[White "Chub, Alexey"]
[Black "Wagner, Dinara"]
[Result "0-1"]
[WhiteElo "2118"]
[BlackElo "1924"]
[PlyCount "98"]
[EventDate "2011.06.28"]
[EventType "tourn"]
[EventRounds "11"]
[EventCountry "RUS"]
[SourceTitle "EXT 2022"]
[Source "ChessBase"]
[SourceDate "2021.10.06"]
[SourceVersion "1"]
[SourceVersionDate "2021.10.06"]
[SourceQuality "1"]

1. c4 Nf6 2. Nc3 g6 3. e4 Bg7 4. d4 d6 5. Be2 0-0 6. Be3 e5 7. d5 Ne8 8. g4 c6 9. g5 cxd5 10. cxd5 f5 11. gxf6 Nxf6 12. b4 a5 13. a3 axb4 14. axb4 Rxa1 15. Qxa1 Ng4 16. Ba7 Qh4 17. Nd1 Na6 18. Qc3 Nxh2 19. b5 Nc5 20. Bxc5 dxc5 21. Qg3 Qxg3 22. fxg3 Ng4 23. Nf3 Bd7 24. Ng5 h5 25. Ne6 Bxe6 26. dxe6 Ra8 27. 0-0 Rf8 28. Bxg4 hxg4 29. Nc3 Re8 30. Rf7 b6 31. Nd5 Rxe6 32. Rb7 c4 33. Nxb6 c3 34. Nd5 Rc6 35. bxc6 c2 36. Rb8+ Kh7 37. c7 c1Q+ 38. Kf2 Qd2+ 39. Kf1 Qd1+ 40. Kf2 Qf3+ 41. Ke1 Qxe4+ 42. Kf2 Qf3+ 43. Ke1 Qxg3+ 44. Kd2 Bh6+ 45. Kc2 Qg2+ 46. Kb1 Qf1+ 47. Kb2 Qe2+ 48. Kb3 Qd1+ 49. Kc4 Qd4+ 0-1

[Event "Yuzhny FO-ch op"]
[Site "Armavir"]
[Date "2011.03.12"]
[Round "1"]
[White "Chub, Alexey"]
[Black "Demchenko, Anton"]
[Result "0-1"]
[WhiteElo "2094"]
[BlackElo "2556"]
[PlyCount "90"]
[EventDate "2011.03.12"]
[EventType "swiss"]
[EventRounds "9"]
[EventCountry "RUS"]
[SourceTitle "CBM 141 Extra"]
[Source "ChessBase"]
[SourceDate "2011.05.03"]
[SourceVersion "1"]
[SourceVersionDate "2011.05.03"]
[SourceQuality "1"]

1. d4 d5 2. c4 e6 3. Nc3 Bb4 4. Nf3 Nf6 5. e3 0-0 6. Bd3 Nc6 7. 0-0 a6 8. a4 dxc4 9. Bxc4 Bd6 10. e4 e5 11. dxe5 Nxe5 12. Nxe5 Bxe5 13. f3 Qd4+ 14. Qxd4 Bxd4+ 15. Kh1 Be6 16. Bxe6 fxe6 17. Ne2 Ba7 18. Bf4 c6 19. Rfd1 Rfd8 20. Bc7 Rxd1+ 21. Rxd1 Kf7 22. g4 h6 23. h4 g5 24. Kg2 Rc8 25. Be5 b5 26. hxg5 hxg5 27. Ng3 Bb8 28. Bc3 c5 29. axb5 axb5 30. b3 b4 31. Ba1 c4 32. bxc4 Rxc4 33. Nh5 Rc2+ 34. Kg1 Bh2+ 35. Kf1 e5 36. Nxf6 Kxf6 37. Rb1 Bf4 38. Bb2 Ke6 39. Kg1 Be3+ 40. Kf1 Rf2+ 41. Ke1 Rh2 42. Bc1 Rh1+ 43. Ke2 Rxc1 44. Rxb4 Bf4 45. Rb6+ Kd7 0-1

[Event "Elista-ch 8th"]
[Site "Elista"]
[Date "2010.07.07"]
[Round "7"]
[White "Aleev, Aleksandr"]
[Black "Chub, Alexey"]
[Result "1-0"]
[WhiteElo "1924"]
[BlackElo "2080"]
[PlyCount "137"]
[EventDate "2010.07.01"]
[EventType "tourn"]
[EventRounds "11"]
[EventCountry "RUS"]
[SourceTitle "EXT 2022"]
[Source "ChessBase"]
[SourceDate "2021.10.06"]
[SourceVersion "1"]
[SourceVersionDate "2021.10.06"]
[SourceQuality "1"]

1. d4 Nf6 2. c4 g6 3. Nc3 Bg7 4. e4 d6 5. f3 0-0 6. Be3 Nc6 7. Bd3 e5 8. d5 Nd4 9. Nge2 Nh5 10. Qd2 a6 11. Bc2 Nxe2 12. Nxe2 Nf4 13. Bxf4 exf4 14. 0-0-0 Qf6 15. Qd4 Qg5 16. Qf2 b5 17. h4 Qe5 18. Nd4 h5 19. cxb5 axb5 20. Bb3 Bd7 21. Kb1 Ra6 22. Rd2 Rfa8 23. Rc1 R6a7 24. Qe2 Rb7 25. Nc6 Bxc6 26. dxc6 Rb6 27. Rd5 Qe7 28. Rxb5 Rab8 29. Rxb6 Rxb6 30. Qf2 Qe5 31. Rc2 Qb5 32. Qd2 Be5 33. Bc4 Qb4 34. Qxb4 Rxb4 35. a3 Rb6 36. b4 Kf8 37. b5 Bd4 38. Ka2 Ke7 39. Kb3 Bc5 40. a4 Rb8 41. a5 Ra8 42. Ra2 Rb8 43. Bd3 Ba7 44. Kc4 Ke6 45. Rb2 Rc8 46. Bc2 Be3 47. Ba4 Ra8 48. b6 cxb6 49. c7 b5+ 50. Rxb5 Rc8 51. Rb7 d5+ 52. exd5+ Kd6 53. a6 Rxc7+ 54. Rxc7 Kxc7 55. Be8 Bf2 56. Bxf7 Bxh4 57. d6+ Kb6 58. Kd5 Kxa6 59. Kc6 Bf6 60. Bxg6 h4 61. Bf5 Ka7 62. Kc7 Be5 63. Kd7 Kb7 64. Ke7 Kc6 65. d7 Bc7 66. d8Q Bxd8+ 67. Kxd8 Kd6 68. Ke8 Ke5 69. Bh3 1-0

[Event "Elista-ch 8th"]
[Site "Elista"]
[Date "2010.07.04"]
[Round "4"]
[White "Chub, Alexey"]
[Black "Antonov, Dzhal"]
[Result "1-0"]
[WhiteElo "2080"]
[BlackElo "1939"]
[PlyCount "75"]
[EventDate "2010.07.01"]
[EventType "tourn"]
[EventRounds "11"]
[EventCountry "RUS"]
[SourceTitle "EXT 2022"]
[Source "ChessBase"]
[SourceDate "2021.10.06"]
[SourceVersion "1"]
[SourceVersionDate "2021.10.06"]
[SourceQuality "1"]

1. d4 Nf6 2. c4 e6 3. Nc3 d5 4. Nf3 c6 5. Bg5 Be7 6. e3 Nbd7 7. Rc1 a6 8. c5 0-0 9. Bd3 h6 10. Bf4 Nh5 11. 0-0 Re8 12. Ne5 Nxf4 13. exf4 f6 14. Nxd7 Qxd7 15. Re1 Bf8 16. Qh5 e5 17. fxe5 fxe5 18. Rxe5 Rxe5 19. Qxe5 Qe6 20. f4 Bd7 21. Re1 Qf7 22. Qc7 Be6 23. Qxf7+ Bxf7 24. Kf2 Re8 25. Rxe8 Bxe8 26. Ke3 Be7 27. Nd1 Bf6 28. Bf5 Bd8 29. Bc8 b6 30. Bxa6 b5 31. Bc8 Kf7 32. Nf2 g5 33. g3 gxf4+ 34. gxf4 Bc7 35. Ng4 h5 36. Ne5+ Kf6 37. a3 Bxe5 38. dxe5+ 1-0

[Event "Gorodovikovsk Bashanta"]
[Site "Gorodovikovsk"]
[Date "2010.04.11"]
[Round "4"]
[White "Chub, Alexey"]
[Black "Begjanyan, Hrayr"]
[Result "1-0"]
[WhiteElo "1994"]
[BlackElo "2141"]
[PlyCount "37"]
[EventDate "2010.04.11"]
[EventType "tourn"]
[EventRounds "9"]
[EventCountry "RUS"]
[SourceTitle "EXT 2012"]
[Source "ChessBase"]
[SourceDate "2011.11.24"]
[SourceVersion "1"]
[SourceVersionDate "2011.11.24"]
[SourceQuality "1"]

1. e4 d5 2. exd5 Nf6 3. d4 Nxd5 4. c4 Nb4 5. Qa4+ N8c6 6. d5 b5 7. cxb5 Nd4 8. Na3 e5 9. Bd2 Nxd5 10. 0-0-0 Bd7 11. Re1 Qe7 12. f4 Nb6 13. Qd1 Qc5+ 14. Bc3 f6 15. Qxd4 Qe7 16. fxe5 0-0-0 17. exf6 Qf7 18. fxg7 Bxg7 19. Qxg7 1-0

[Event "Gorodovikovsk Bashanta"]
[Site "Gorodovikovsk"]
[Date "2010.04.11"]
[Round "8"]
[White "Chub, Alexey"]
[Black "Chudakov, Yury"]
[Result "1/2-1/2"]
[WhiteElo "1994"]
[BlackElo "1946"]
[PlyCount "37"]
[EventDate "2010.04.11"]
[EventType "tourn"]
[EventRounds "9"]
[EventCountry "RUS"]
[SourceTitle "EXT 2012"]
[Source "ChessBase"]
[SourceDate "2011.11.24"]
[SourceVersion "1"]
[SourceVersionDate "2011.11.24"]
[SourceQuality "1"]

1. c4 e6 2. Nc3 f5 3. g3 Nf6 4. Bg2 c6 5. d4 d5 6. Nf3 Be7 7. 0-0 0-0 8. b3 Nbd7 9. a4 Ne4 10. Qc2 Ndf6 11. Ba3 Bxa3 12. Rxa3 Nxc3 13. Qxc3 Ne4 14. Qc2 Qe7 15. Ra2 Bd7 16. Ne5 Be8 17. Bxe4 dxe4 18. Qc3 Bh5 19. Rd1 1/2-1/2

[Event "Iki Burul Dawn"]
[Site "Iki Burul"]
[Date "2009.06.27"]
[Round "8"]
[White "Chub, Alexey"]
[Black "Gusev, Alex"]
[Result "1-0"]
[WhiteElo "1953"]
[BlackElo "2049"]
[PlyCount "99"]
[EventDate "2009.06.24"]
[EventType "tourn"]
[EventRounds "9"]
[EventCountry "RUS"]
[SourceTitle "EXT 2022"]
[Source "ChessBase"]
[SourceDate "2021.10.06"]
[SourceVersion "1"]
[SourceVersionDate "2021.10.06"]
[SourceQuality "1"]

1. d4 Nf6 2. c4 e5 3. dxe5 Ng4 4. e4 Nxe5 5. f4 Nbc6 6. fxe5 Qh4+ 7. Kd2 Qf4+ 8. Kd3 Nb4+ 9. Kd4 Nc6+ 10. Kd3 Nb4+ 11. Kd4 Nc6+ 12. Kc3 Qxe5+ 13. Kc2 Qxe4+ 14. Bd3 Nb4+ 15. Kc3 Nxd3 16. Qxd3 Bb4+ 17. Kc2 Qxg2+ 18. Qe2+ Qxe2+ 19. Nxe2 d6 20. Nbc3 0-0 21. Nd5 Bf5+ 22. Kb3 Be4 23. Rg1 Bc5 24. Nf6+ Kh8 25. Nxe4 Bxg1 26. Nxg1 Rae8 27. Ng3 f5 28. N1e2 Re6 29. Kc3 Rfe8 30. Kd3 d5 31. c5 b6 32. cxb6 axb6 33. Bd2 c5 34. Nf4 Rh6 35. Nxf5 Rxh2 36. Nxd5 c4+ 37. Kc3 Rd8 38. Re1 h5 39. Nfe7 b5 40. Bf4 Rh3+ 41. Kb4 Ra8 42. Nc3 Ra7 43. Nc6 Rf7 44. Be5 h4 45. Nxb5 Kh7 46. a4 g5 47. a5 g4 48. a6 g3 49. a7 g2 50. Rg1 1-0

[Event "Iki Burul Dawn"]
[Site "Iki Burul"]
[Date "2009.06.24"]
[Round "9"]
[White "Kubatko, Ivan"]
[Black "Chub, Alexey"]
[Result "1/2-1/2"]
[WhiteElo "2119"]
[BlackElo "1953"]
[PlyCount "98"]
[EventDate "2009.06.24"]
[EventType "tourn"]
[EventRounds "9"]
[EventCountry "RUS"]
[SourceTitle "EXT 2022"]
[Source "ChessBase"]
[SourceDate "2021.10.06"]
[SourceVersion "1"]
[SourceVersionDate "2021.10.06"]
[SourceQuality "1"]

1. e4 c5 2. Nc3 e6 3. f4 d5 4. Nf3 Nf6 5. Bb5+ Nc6 6. d3 Be7 7. 0-0 Qb6 8. Qe2 0-0 9. Bxc6 Qxc6 10. Ne5 Qc7 11. Kh1 a6 12. Ng4 b5 13. Nxf6+ Bxf6 14. exd5 Bxc3 15. bxc3 exd5 16. f5 f6 17. Bf4 Qc6 18. Qg4 Bb7 19. Rae1 Rae8 20. Qg3 Rxe1 21. Rxe1 Re8 22. Rxe8+ Qxe8 23. Qe3 Qc6 24. Qe6+ Qxe6 25. fxe6 d4 26. Bd6 dxc3 27. Bxc5 Bd5 28. e7 Kf7 29. a3 Ba2 30. Bb4 Bb1 31. Bxc3 Bxc2 32. Bb4 Bxd3 33. Kg1 Bg6 34. Kf2 Ke6 35. Ke3 Kd5 36. Kf4 Kc4 37. g4 Kb3 38. h4 h5 39. g5 f5 40. Bd6 a5 41. Bc5 Kc4 42. Bd6 Kd5 43. Be5 b4 44. axb4 axb4 45. Bxg7 Ke6 46. Bf6 b3 47. Kg3 Kd7 48. Kf4 Ke6 49. Kg3 Kd6 1/2-1/2

[Event "RUS-ch U14"]
[Site "Dagomys"]
[Date "2009.04.23"]
[Round "9"]
[White "Oganian, Miran"]
[Black "Chub, Alexey"]
[Result "0-1"]
[WhiteElo "2055"]
[BlackElo "1953"]
[PlyCount "133"]
[EventDate "2009.04.15"]
[EventType "swiss"]
[EventRounds "9"]
[EventCountry "RUS"]
[SourceTitle "CBM 130 Extra"]
[Source "ChessBase"]
[SourceDate "2009.07.02"]
[SourceVersion "2"]
[SourceVersionDate "2009.07.15"]
[SourceQuality "1"]

1. d4 Nf6 2. Nf3 g6 3. c4 Bg7 4. Nc3 0-0 5. e4 d6 6. Be2 e5 7. Be3 h6 8. h3 exd4 9. Nxd4 Re8 10. f3 Nc6 11. 0-0 Nh5 12. Qd2 Kh7 13. Rfe1 Ng3 14. Bf1 Qh4 15. Nxc6 bxc6 16. Bd4 Nxf1 17. Rxf1 Bxd4+ 18. Qxd4 Bxh3 19. Qf2 Qxf2+ 20. Kxf2 Be6 21. b3 f5 22. Rfe1 fxe4 23. Nxe4 Kg7 24. Re3 Bd7 25. Rd1 Bf5 26. Nc3 Rxe3 27. Kxe3 Re8+ 28. Kf2 h5 29. Ne2 Kf6 30. Rd2 a6 31. Nd4 c5 32. Ne2 Bd7 33. Nc3 Bc6 34. Rd1 Kf5 35. Rd2 g5 36. Nd1 g4 37. Ne3+ Kg5 38. fxg4 hxg4 39. Rd3 Kf4 40. Nf1 Re7 41. Ng3 Rh7 42. Ne2+ Kf5 43. Ng3+ Kg5 44. Kg1 Re7 45. Kf2 Re8 46. Rd2 a5 47. Rd3 Ra8 48. Ne2 a4 49. Kg3 axb3 50. axb3 Re8 51. Nc3 Re1 52. Nd5 Bxd5 53. Rxd5+ Re5 54. Rd3 Kf5 55. Rc3 Re4 56. Rd3 Rd4 57. Re3 Rd2 58. Re7 Rd3+ 59. Kh4 c6 60. Rf7+ Ke6 61. Rb7 g3 62. Kg4 Ke5 63. Re7+ Kd4 64. Rd7 Rxb3 65. Rxd6+ Ke4 66. Rd8 Rd3 67. Rc8 0-1

[Event "Elista-B"]
[Site "Elista"]
[Date "2009.01.07"]
[Round "7"]
[White "Chub, Alexey"]
[Black "Shadura, Aleksandr"]
[Result "1-0"]
[WhiteElo "1890"]
[BlackElo "1849"]
[PlyCount "129"]
[EventDate "2009.01.03"]
[EventType "tourn"]
[EventRounds "10"]
[EventCountry "RUS"]
[SourceTitle "EXT 2010"]
[Source "ChessBase"]
[SourceDate "2010.11.25"]
[SourceVersion "1"]
[SourceVersionDate "2010.11.25"]
[SourceQuality "1"]

1. d4 d5 2. c4 e6 3. Nc3 Be7 4. Nf3 Nf6 5. Bg5 0-0 6. e3 h6 7. Bh4 b6 8. cxd5 Nxd5 9. Bxe7 Qxe7 10. Nxd5 exd5 11. Rc1 Be6 12. Qa4 c5 13. Qa3 Rc8 14. Bb5 Kf8 15. dxc5 bxc5 16. 0-0 Bg4 17. Nd2 a5 18. Qd3 Qg5 19. h4 Qe5 20. Qa3 Qe7 21. Rc3 Na6 22. Bxa6 Rxa6 23. Rfc1 c4 24. Qxe7+ Kxe7 25. e4 Rb8 26. exd5 Rxb2 27. Nxc4 Rxa2 28. Re3+ Kf8 29. Ne5 Bf5 30. g4 f6 31. gxf5 fxe5 32. Rxe5 Ra7 33. Rc8+ Kf7 34. d6 Rd2 35. Rd8 Rb2 36. d7 Rd2 37. Ree8 Rdxd7 38. Rf8+ Ke7 39. Rde8+ Kd6 40. f6 Rf7 41. Rxf7 Rxf7 42. fxg7 Rxg7+ 43. Kh2 Rf7 44. Kg3 h5 45. Ra8 Rf5 46. f4 Kc6 47. Kf3 Kb7 48. Rd8 a4 49. Rd3 Rb5 50. Ke4 Rb3 51. Rd4 a3 52. Ra4 Rh3 53. Ke5 Rxh4 54. Rxa3 Rh1 55. Rc3 h4 56. f5 h3 57. Kf6 h2 58. Rc2 Kb6 59. Rf2 Kc6 60. Kf7 Kd6 61. f6 Kc7 62. Kf8 Kd6 63. f7 Kd7 64. Rg2 Kd8 65. Kg7 1-0

[Event "Elista-B"]
[Site "Elista"]
[Date "2009.01.05"]
[Round "4"]
[White "Chub, Alexey"]
[Black "Pilavov, Georgy"]
[Result "0-1"]
[WhiteElo "1890"]
[BlackElo "2618"]
[PlyCount "68"]
[EventDate "2009.01.03"]
[EventType "tourn"]
[EventRounds "10"]
[EventCountry "RUS"]
[SourceTitle "EXT 2010"]
[Source "ChessBase"]
[SourceDate "2010.11.25"]
[SourceVersion "1"]
[SourceVersionDate "2010.11.25"]
[SourceQuality "1"]

1. d4 Nf6 2. c4 Nc6 3. Nf3 e6 4. a3 d5 5. Nc3 g6 6. Bg5 Bg7 7. e4 dxe4 8. Nxe4 h6 9. Nxf6+ Bxf6 10. Be3 g5 11. h3 Ne7 12. Be2 Nf5 13. 0-0 c5 14. d5 Nxe3 15. fxe3 Bxb2 16. Rb1 Bg7 17. dxe6 Qxd1 18. exf7+ Ke7 19. Rbxd1 Be6 20. Nd2 b6 21. Ne4 Be5 22. Bg4 Raf8 23. Bxe6 Kxe6 24. Rd5 Rh7 25. a4 Rhxf7 26. Rfd1 Rg7 27. a5 Bc7 28. Rf1 Bh2+ 29. Kxh2 Rxf1 30. axb6 axb6 31. Kg3 Rd7 32. Nc3 Rc1 33. Rxd7 Kxd7 34. Nd5 Kc6 0-1

[Event "Elista-B"]
[Site "Elista"]
[Date "2009.01.04"]
[Round "2"]
[White "Shadura, Aleksandr"]
[Black "Chub, Alexey"]
[Result "1-0"]
[WhiteElo "1849"]
[BlackElo "1890"]
[PlyCount "113"]
[EventDate "2009.01.03"]
[EventType "tourn"]
[EventRounds "10"]
[EventCountry "RUS"]
[SourceTitle "EXT 2010"]
[Source "ChessBase"]
[SourceDate "2010.11.25"]
[SourceVersion "1"]
[SourceVersionDate "2010.11.25"]
[SourceQuality "1"]

1. e4 c5 2. Nc3 d6 3. g3 Nc6 4. Bg2 g6 5. d3 Bg7 6. Nge2 e6 7. Be3 Nd4 8. Qd2 Ne7 9. f4 Rb8 10. h4 h5 11. Nd1 b5 12. c3 Nxe2 13. Qxe2 b4 14. 0-0 f5 15. e5 0-0 16. d4 bxc3 17. bxc3 cxd4 18. cxd4 d5 19. Nc3 Qa5 20. Qd2 Ba6 21. Rfb1 Kf7 22. Ne4 Qxd2 23. Nd6+ Kg8 24. Bxd2 Nc6 25. Bc3 Rfd8 26. Bf1 Bxf1 27. Kxf1 a6 28. Nb7 Re8 29. Nc5 a5 30. Rxb8 Rxb8 31. Nxe6 Kf7 32. Nxg7 Kxg7 33. Rc1 Kf7 34. Ba1 Rb6 35. Ke2 Ke6 36. Kd2 Kd7 37. Rc5 Ke6 38. a4 Nb4 39. Rxa5 Ra6 40. Rxa6+ Nxa6 41. Kc3 Kd7 42. Kb3 Kc6 43. Bc3 Kb6 44. Bb4 Nc7 45. Bc5+ Ka5 46. Bb4+ Kb6 47. Bc3 Na6 48. e6 Kc6 49. Bb4 Nc7 50. e7 Kb6 51. Bd6 Ne8 52. Be5 Ka5 53. Ka3 Ka6 54. Kb4 Kb6 55. a5+ Ka6 56. Kc5 Kxa5 57. Kxd5 1-0

[Event "Elista-B"]
[Site "Elista"]
[Date "2009.01.03"]
[Round "1"]
[White "Chub, Alexey"]
[Black "Dzhalov, Boris"]
[Result "1-0"]
[WhiteElo "1890"]
[BlackElo "1691"]
[PlyCount "65"]
[EventDate "2009.01.03"]
[EventType "tourn"]
[EventRounds "10"]
[EventCountry "RUS"]
[SourceTitle "EXT 2010"]
[Source "ChessBase"]
[SourceDate "2010.11.25"]
[SourceVersion "1"]
[SourceVersionDate "2010.11.25"]
[SourceQuality "1"]

1. d4 Nf6 2. c4 e6 3. Nc3 Bb4 4. a3 Bxc3+ 5. bxc3 h6 6. f3 d5 7. e3 Nbd7 8. Bd3 c5 9. Ne2 0-0 10. 0-0 e5 11. cxd5 Re8 12. c4 e4 13. fxe4 Nxe4 14. Qc2 Ndf6 15. Rf4 Qe7 16. Nc3 Nxc3 17. Qxc3 cxd4 18. Qxd4 Qe5 19. Qxe5 Rxe5 20. Kf2 Nd7 21. Bb2 Nc5 22. Bc2 Rg5 23. Bd4 b6 24. Rb1 Ba6 25. a4 Rc8 26. h4 Rh5 27. a5 g5 28. hxg5 Rxg5 29. axb6 axb6 30. Rxb6 Rg6 31. Bxg6 fxg6 32. Rxg6+ Kh7 33. Rg7+ 1-0

[Event "Kalmykia-ch"]
[Site "Elista"]
[Date "2008.12.15"]
[Round "5"]
[White "Ubushiev, Andrey"]
[Black "Chub, Alexey"]
[Result "1-0"]
[WhiteElo "2187"]
[BlackElo "1918"]
[PlyCount "49"]
[EventDate "2008.12.12"]
[EventType "tourn"]
[EventRounds "9"]
[EventCountry "RUS"]
[SourceTitle "EXT 2022"]
[Source "ChessBase"]
[SourceDate "2021.10.06"]
[SourceVersion "1"]
[SourceVersionDate "2021.10.06"]
[SourceQuality "1"]

1. e4 e6 2. d4 d5 3. e5 b6 4. c3 Qd7 5. Bd3 Ba6 6. Bc2 c5 7. Ne2 Ne7 8. 0-0 Nbc6 9. Re1 Rc8 10. Nf4 cxd4 11. cxd4 Nb4 12. Bb3 Bc4 13. Nc3 Bxb3 14. Qxb3 Nf5 15. Be3 Be7 16. Rad1 0-0 17. a3 Nc6 18. Rd3 Na5 19. Qd1 Nc4 20. Bc1 b5 21. Rh3 g6 22. Nh5 a5 23. g4 gxh5 24. gxf5 exf5 25. Qxh5 1-0

[Event "Kalmykia-ch"]
[Site "Elista"]
[Date "2008.12.14"]
[Round "3"]
[White "Mantsinov, Bagma"]
[Black "Chub, Alexey"]
[Result "1-0"]
[WhiteElo "2203"]
[BlackElo "1918"]
[PlyCount "39"]
[EventDate "2008.12.12"]
[EventType "tourn"]
[EventRounds "9"]
[EventCountry "RUS"]
[SourceTitle "EXT 2022"]
[Source "ChessBase"]
[SourceDate "2021.10.06"]
[SourceVersion "1"]
[SourceVersionDate "2021.10.06"]
[SourceQuality "1"]

1. e4 c5 2. c3 Nf6 3. e5 Nd5 4. Bc4 Nb6 5. Bb3 Nc6 6. Nf3 d5 7. exd6 Qxd6 8. d4 cxd4 9. cxd4 Be6 10. Nc3 Bxb3 11. Qxb3 Nxd4 12. Nxd4 Qxd4 13. Be3 Qd6 14. Nb5 Qc6 15. Rc1 Qxg2 16. Nc7+ Kd8 17. Nxa8 Qxh1+ 18. Ke2 Qe4 19. Nxb6 axb6 20. Qd1+ 1-0

[Event "Kalmykia-ch"]
[Site "Elista"]
[Date "2008.12.12"]
[Round "1"]
[White "Nyudleev, Dolgan"]
[Black "Chub, Alexey"]
[Result "1-0"]
[WhiteElo "2393"]
[BlackElo "1918"]
[PlyCount "77"]
[EventDate "2008.12.12"]
[EventType "tourn"]
[EventRounds "9"]
[EventCountry "RUS"]
[SourceTitle "EXT 2022"]
[Source "ChessBase"]
[SourceDate "2021.10.06"]
[SourceVersion "1"]
[SourceVersionDate "2021.10.06"]
[SourceQuality "1"]

1. e4 c5 2. Nf3 d6 3. Bb5+ Bd7 4. Bxd7+ Qxd7 5. 0-0 Nf6 6. Re1 Nc6 7. c3 e6 8. d4 cxd4 9. cxd4 d5 10. e5 Ne4 11. Nbd2 Nxd2 12. Bxd2 Be7 13. Rc1 0-0 14. Rc3 Rfc8 15. a3 b5 16. Rd3 Qd8 17. h3 a5 18. Nh2 a4 19. Ng4 Ra7 20. Qf3 Rb7 21. Qf4 Qf8 22. h4 b4 23. h5 bxa3 24. bxa3 Rb3 25. Ree3 Rcb8 26. Qg3 Bxa3 27. Nf6+ Kh8 28. Nd7 Rxd3 29. Rxd3 Rb1+ 30. Kh2 Qe7 31. Nf6 gxf6 32. Bh6 Qf8 33. Bxf8 Bxf8 34. Rc3 a3 35. Rxc6 a2 36. Rc8 Rh1+ 37. Kxh1 a1Q+ 38. Kh2 Qa3 39. Qxa3 1-0

[Event "Berezovskoe op-B"]
[Site "Berezovskoe"]
[Date "2008.08.29"]
[Round "7"]
[White "Sharovskaya, Olga"]
[Black "Chub, Alexey"]
[Result "1/2-1/2"]
[WhiteElo "1905"]
[BlackElo "1772"]
[PlyCount "133"]
[EventDate "2008.08.25"]
[EventType "swiss"]
[EventRounds "9"]
[EventCountry "UKR"]
[SourceTitle "CBM 126 Extra"]
[Source "ChessBase"]
[SourceDate "2008.11.05"]
[SourceVersion "1"]
[SourceVersionDate "2008.11.05"]
[SourceQuality "1"]

1. e4 c5 2. Nf3 d6 3. d4 cxd4 4. Nxd4 Nf6 5. Nc3 g6 6. Be2 Bg7 7. Be3 Nc6 8. Nb3 Bd7 9. f4 0-0 10. 0-0 Rc8 11. g4 a6 12. g5 Ne8 13. Nd5 Ra8 14. Bb6 Qb8 15. Be3 Qd8 16. c3 b5 17. h4 Rb8 18. h5 e6 19. Nb4 Nxb4 20. cxb4 Bxb2 21. Rb1 Bh8 22. hxg6 fxg6 23. Bg4 Qe7 24. Rc1 Rc8 25. Rxc8 Bxc8 26. Qd3 Ng7 27. Rd1 Ne8 28. e5 d5 29. Bc5 Qf7 30. Bxf8 Qxf4 31. Qf3 Qxf3 32. Bxf3 Kxf8 33. Re1 Kf7 34. Kg2 Bg7 35. Kg3 Bf8 36. a3 Bg7 37. Kf4 h6 38. Bg4 Bd7 39. Nc5 Bc8 40. Nd3 Bb7 41. Nc5 Bc8 42. Bh3 Ke7 43. Bf1 Nc7 44. Bd3 Kf7 45. Rf1 hxg5+ 46. Kxg5+ Ke7 47. Re1 Na8 48. Kxg6 Bf8 49. Rf1 Nb6 50. Rf7+ Ke8 51. Rh7 Bxc5 52. bxc5 Nd7 53. Rh8+ Ke7 54. Bxb5 Nxe5+ 55. Kg7 axb5 56. Rxc8 Kd7 57. Rb8 Kc6 58. Re8 Kd7 59. Rb8 Kc6 60. Rc8+ Kd7 61. Rb8 Nc4 62. Rxb5 Nxa3 63. Rb7+ Kc6 64. Re7 d4 65. Rxe6+ Kxc5 66. Re5+ Kc4 67. Re4 1/2-1/2